Hamburger Stadtteile - Sudden Death - Statistiken

Allgemein
  • Dieses Quiz wurde 934 mal gespielt
  • Das Durchschnittsergebnis liegt bei 8 aus 18
Answers on the Grid
Answers color-coded by a green-red scale on the quiz's grid according to % correct below.
Bergedorf
Lohbrügge
Billstedt
Wilhelmsburg
Neugraben-Fischbek
Blankenese
Schnelsen
Eppendorf
Farmsen-Berne
Rahlstedt
Veddel
Fuhlsbüttel
Finkenwerder
St. Pauli
Othmarschen
Uhlenhorst
Poppenbüttel
Duvenstedt
Gamme
Jenfeld-Eißendorf
Charlottenburg
Ahrensburg
Reinbek
Pinneberg
Agathenburg
Lapenfelde
Grasmannviertel
Ehrenfeld
Elbesiedlung
Laatzen
 
Antwortstatistiken
Antwort % Korrekt
St. Pauli
71%
Blankenese
59%
Eppendorf
58%
Billstedt
54%
Poppenbüttel
51%
Fuhlsbüttel
50%
Bergedorf
49%
Finkenwerder
45%
Veddel
44%
Wilhelmsburg
44%
Othmarschen
43%
Schnelsen
40%
Rahlstedt
39%
Uhlenhorst
38%
Neugraben-Fischbek
37%
Farmsen-Berne
32%
Lohbrügge
26%
Duvenstedt
23%
Keine übereinstimmenden Quizze gefunden
Verteilung der Resultate
Anzahl Personen mit jedem Resultat
Perzentil nach korrekt beantworteten Fragen
Ihre Resultats-Entwicklung
Sie haben dieses Quiz noch nicht gespielt